000 00306 a2200121 4500
000 nam a22 7a 4500
005 20260224144416.0
020 _a9789369449613
100 _aSharankumar Limbale
_91107043
245 _aDalit Sahitya Aur Saundaryabodh
260 _bVani Prakashan
_c2025
942 _cTEXL
999 _c1680143
_d1680143